000 00907nam a22003017a 4500
001 BR2013003396
003 BR-BrBNA
005 20230928104202.0
007 ta
008 230509b bl.||||| |||| 00| 0 por d
040 _aBR-BrBNA
_bpor
_cBiblioteca Nacional de Agricultura
041 _a(Por)
072 _aE50; U10
090 _ E50 BR2013003396
100 1 _aLiska, G.R.
110 1 _aUniversidade Federal de Lavras, MG (Brasil)
_0Tese (Mestrado)
245 1 _aClassificação de dados em modelos com resposta binária via algoritmo Boosting e regressão logística
260 3 _aLavras, MG (Brasil):
_c2012.
300 _a105 p.
500 _aSummaries (Eng, Por); 9 illus.; 10 tables; 35 ref.
650 _aMODELO MATEMÁTICO
650 _aREGRESSÃO LINEAR
650 _aCORAÇÃO
650 _aDOENÇA
650 _aHOMEM
909 _a202309
_bLucia
_c55
_dLucia Elande
942 _cBK
999 _c78578
_d78578